| Tag |
First Indicator |
Second Indicator |
Subfields |
| LEADER |
00000cam a2200000 4500 |
| 001 |
in00000095750 |
| 005 |
20210904063040.0 |
| 008 |
751003s1965 vp a 00010 eng |
| 010 |
|
|
|a 62013476
|
| 035 |
|
|
|a (OCoLC)01672586
|
| 035 |
|
|
|9 AAL1968AM
|
| 040 |
|
|
|a DLC
|c FQG
|d TXA
|d UtOrBLW
|
| 049 |
|
|
|a TXAM
|c [450126]
|
| 050 |
0 |
0 |
|a TL3028
|b .S5 1965
|
| 082 |
0 |
|
|a 629.435
|
| 100 |
1 |
|
|a Singer, S. Fred
|q (Siegfried Fred),
|d 1924-2020.
|
| 245 |
1 |
0 |
|a Interactions of space vehicles with an ionized atmosphere /
|c edited by S. F. Singer.
|
| 250 |
|
|
|a [1st ed.].
|
| 264 |
|
1 |
|a Oxford, New York :
|b Symposium Publications Division, Pergamon Press,
|c [1965]
|
| 300 |
|
|
|a viii, 510 pages :
|b illustrations ;
|c 24 cm.
|
| 336 |
|
|
|a text
|b txt
|2 rdacontent
|
| 337 |
|
|
|a unmediated
|b n
|2 rdamedia
|
| 338 |
|
|
|a volume
|b nc
|2 rdacarrier
|
| 490 |
1 |
|
|a International series of monographs in aeronautics and astronautics. Division IX: Symposia,
|v v. 18
|
| 504 |
|
|
|a Includes bibliographies.
|
| 650 |
|
0 |
|a Plasma sheaths.
|
| 650 |
|
0 |
|a Artificial satellites
|x Radio observations.
|
| 830 |
|
0 |
|a International series on aeronautical sciences and space flight.
|n Division IX,
|p Symposia ;
|v v. 18.
|
| 999 |
|
|
|a MARS
|
| 999 |
f |
f |
|s bd8a311b-b9bf-3bcd-a900-0b979239ffad
|i 409b54c2-c45b-3367-8733-229bbbf454f2
|t 0
|
| 952 |
f |
f |
|p ric
|a Texas A&M University
|b Rellis Campus
|c Joint Library Facility
|d Remote Storage
|t 0
|e TL3028 .S5 1965
|h Library of Congress classification
|i unmediated -- volume
|m A14805559637
|
| 998 |
f |
f |
|a TL3028 .S5 1965
|t 0
|l Remote Storage
|